| 000 | 01060nam2a2200205 4500 | ||
|---|---|---|---|
| 001 | RU\NLR\PER_A\003156946_001310 | ||
| 005 | 20250624171355.0 | ||
| 035 | _a(NLR Aleph) 012819960 | ||
| 090 |
_a12314595 _c12314595 |
||
| 100 | _a20220616d2022 |||y0rusy50 ca | ||
| 101 | 0 | _arus | |
| 102 | _aRU | ||
| 200 | 0 | _aТ. 14, № 2 | |
| 210 |
_d2022 _aБ. м. |
||
| 461 | 0 |
_1001RU\NLR\Per\641019 _12001#$aФинансовый журнал$eнаучно-практическое издание$fАкад. бюджета и казначейства Минфина России$vТ. 14, № 2 _93063760 _cМосква _d2009 - _fАкад. бюджета и казначейства Минфина России _nФГОУ ВПО Академия бюджета и казначейства Министерства финансов Российской Федерации _oнаучно-практическое издание _tФинансовый журнал _x2075-1990 _vТ. 14, № 2 |
|
| 852 |
_aNLR _jП23/7742 |
||
| 942 | _cISSUE | ||
| 980 | _aNB | ||
| 980 | _aRUSPER | ||